Flags of the Countries with 5 letters - Statistics

General Stats
  • This quiz has been taken 96 times
  • The average score is 19 of 24
Answer Stats
Picture Hint Answer % Correct
South America Chile
92%
Asia China
92%
Africa Egypt
88%
Asia India
87%
Asia Japan
87%
Europe Italy
85%
Africa Kenya
85%
Africa Benin
83%
Asia Nepal
83%
Africa Ghana
82%
Asia Qatar
82%
Europe Spain
80%
Africa Libya
78%
Europe Malta
78%
Oceania Palau
78%
Asia Syria
78%
North America Haiti
77%
Africa Niger
77%
Africa Sudan
77%
Asia Yemen
77%
Africa Gabon
73%
Oceania Samoa
73%
Oceania Tonga
73%
Oceania Nauru
72%
No matching quizzes found
Score Distribution
Percent of People with Each Score
Percentile by Number Answered
Your Score History
You have not taken this quiz